Music Quiz

Random Music or Lyrics Quiz

Lyrics: 'How Can We Be Lovers?' By Michael Bolton Quiz Stats

 Plays Quiz not verified by Sporcle

Score 0/281 Timer 10:00
0 Plays Today
% Correct
How
100%
can
100%
we
100%
be
100%
lovers
100%
we
100%
be
100%
How
100%
can
100%
we
100%
the
100%
how
100%
can
100%
we
100%
love
100%
we
100%
How
100%
can
100%
we
100%
be
100%
lovers
100%
we
100%
be
100%
be
100%
We
100%
be
100%
we
100%
be
100%
a
100%
How
100%
can
100%
we
100%
be
100%
lovers
100%
we
100%
be
100%
How
100%
can
100%
we
100%
the
100%
how
100%
can
100%
we
100%
love
100%
we
100%
how
100%
can
100%
we
100%
be
100%
lovers
100%
be
100%
be
100%
We
100%
we
100%
love
100%
we
100%
love
100%
How
100%
can
100%
we
100%
be
100%
lovers
100%
we
100%
be
100%
How
100%
can
100%
we
100%
the
100%
how
100%
can
100%
we
100%
love
100%
we
100%
how
100%
can
100%
we
100%
be
100%
lovers
100%
we
100%
be
100%
be
100%
love
100%
we
100%
can
100%
we
100%
can
100%
We
100%
can
100%
can
100%
How
100%
we
100%
be
100%
lovers
100%
we
100%
% Correct
be
100%
How
100%
can
100%
we
100%
the
100%
how
100%
can
100%
we
100%
love
100%
we
100%
how
100%
can
100%
we
100%
be
100%
lovers
100%
we
100%
be
100%
be
100%
if
91.7%
can't
91.7%
friends
91.7%
when
91.7%
if
91.7%
can't
91.7%
if
91.7%
can't
91.7%
can't
91.7%
friends
91.7%
when
91.7%
if
91.7%
can't
91.7%
friends
91.7%
when
91.7%
if
91.7%
can't
91.7%
if
91.7%
can't
91.7%
can't
91.7%
friends
91.7%
if
91.7%
can't
91.7%
friends
91.7%
when
91.7%
if
91.7%
can't
91.7%
if
91.7%
can't
91.7%
can't
91.7%
friends
91.7%
if
91.7%
can't
91.7%
friends
91.7%
when
91.7%
if
91.7%
can't
91.7%
if
91.7%
can't
91.7%
can't
91.7%
friends
91.7%
never
83.3%
ends
83.3%
make
83.3%
make
83.3%
to
83.3%
never
83.3%
no
83.3%
no
83.3%
never
83.3%
ends
83.3%
make
83.3%
make
83.3%
to
83.3%
never
83.3%
ends
83.3%
make
83.3%
make
83.3%
make
83.3%
make
83.3%
never
83.3%
ends
83.3%
make
83.3%
make
83.3%
fighting
75%
Baby
75%
us
75%
us
75%
baby
75%
it
75%
it
75%
fighting
75%
Baby
75%
us
75%
not
75%
so
75%
% Correct
us
75%
it
75%
fighting
75%
Baby
75%
Baby
75%
it
75%
Baby
75%
it
75%
it
75%
fighting
75%
Baby
75%
start
66.7%
over
66.7%
amends
66.7%
start
66.7%
over
66.7%
amends
66.7%
Tell
66.7%
me
66.7%
We're
66.7%
start
66.7%
over
66.7%
amends
66.7%
Tell
66.7%
me
66.7%
is
66.7%
start
66.7%
over
66.7%
amends
66.7%
Tell
66.7%
me
66.7%
at
58.3%
at
58.3%
it's
58.3%
just
58.3%
now
50%
out
50%
this
50%
say
50%
time
50%
this
50%
but
50%
but
50%
out
50%
Look
41.7%
look
41.7%
Still
41.7%
tryin'
41.7%
get
41.7%
right
41.7%
situation
41.7%
these
41.7%
our
41.7%
will
41.7%
trying
41.7%
from
41.7%
work
33.3%
must
33.3%
must
33.3%
there's
33.3%
win
33.3%
got
33.3%
much
33.3%
Let's
33.3%
gotta
33.3%
work
33.3%
fools
25%
crazy
25%
communication
25%
between
25%
started
25%
dying
25%
are
25%
Whoa
16.7%
Whoa
16.7%
Whoa
16.7%
Whoa
16.7%
awake
16.7%
wall
16.7%
talkin'
16.7%
break
16.7%
chains
16.7%
free
16.7%
Whoa
16.7%
Whoa
16.7%
ain't
16.7%
Whoa
16.7%
Whoa
16.7%
stop
16.7%
tough
16.7%
times
16.7%
lie
8.3%
rough
0%

You're not logged in!

Compare scores with friends on all Sporcle quizzes.
OR
Log In

Show Comments

Extras

Top Quizzes Today


Score Distribution

Your Account Isn't Verified!

In order to create a playlist on Sporcle, you need to verify the email address you used during registration. Go to your Sporcle Settings to finish the process.

Report this User

Report this user for behavior that violates our Community Guidelines.

Details: